000
00352nam a2200169Ia 4500
100
_a
Raghavan/V
650
_a
Material science
250
_a
5
942
_c
BK
366
_f
20
654
_a
material science
245
_a
Material Science and Engineering
260
_b
prentice hall
_c
2004
300
_a
439
546
_a
ENGLISH
999
_c
21239
_d
21239